Electroplating basic principles, processes and practice
Salvato in:
| Autore principale: | |
|---|---|
| Natura: | Libro |
| Lingua: | inglese |
| Pubblicazione: |
Oxford
Elsevier Advanced Technology
2004
|
| Soggetti: | |
| Accesso online: | Visualizza in OPAC |
| Tags: |
Nessun Tag, puoi essere il primo ad aggiungerne!!
|
MARC
| LEADER | 00000cam a22000004a 4500 | ||
|---|---|---|---|
| 005 | 20260127133935.0 | ||
| 008 | 180105s2004 enka b 001 0 eng | ||
| 010 | |a 2010-293023 | ||
| 015 | |a GBA450742 |2 bnb | ||
| 016 | 7 | |a 012950489 |2 Uk | |
| 020 | |a 1856174514 |q (cased) | ||
| 020 | |a 9781856174510 |q (cased) | ||
| 035 | |a vtls011711003 | ||
| 039 | 9 | |a 201801051216 |b VLOAD |y 201709180954 |z mschk03 | |
| 040 | |a UKM |c UKM |d VPI |d BWKUK |d BAKER |d YDXCP |d DLC |d STUSCHK1 | ||
| 042 | |a ukblsr |a lccopycat | ||
| 080 | 0 | 4 | |a 671.732 |2 22 |
| 100 | 1 | |a Kanani, Nasser | |
| 245 | 1 | 0 | |a Electroplating |b basic principles, processes and practice |c Nasser Kanani |
| 260 | |a Oxford |b Elsevier Advanced Technology |c 2004 | ||
| 300 | |a xi, 353 p. |b ill. |c 25 cm. | ||
| 504 | |a Includes bibliographical references and index | ||
| 650 | 0 | |a Electroplating | |
| 906 | |a 7 |b cbc |c copycat |d 2 |e ncip |f 20 |g y-gencatlg | ||
| 910 | |a SCHK95 | ||
| 919 | |a 1-85617-451-4 | ||
| 925 | 0 | |a acquire |b 2 shelf copies |x policy default | |
| 999 | |c 505 |d 505 | ||